|
|
|
|
| LEADER |
01291nam a22002892a 4500 |
| 001 |
001737029 |
| 003 |
CZ BrMZK |
| 005 |
20200320164431.0 |
| 007 |
ta |
| 008 |
200320s1957 xr er|||||||||||cze d |
| 015 |
|
|
|a cnb000512054
|
| 035 |
|
|
|a (OCoLC)85319034
|
| 040 |
|
|
|a ABA001
|b cze
|c KLG001
|d ABA001
|d BOA001
|
| 100 |
1 |
|
|a Ledečová, Dagmar,
|d 1925-
|7 jn19990209474
|4 aut
|
| 245 |
1 |
0 |
|a Východ slunce [od] Sergeje Ivanoviče Tanějeva, op. 8 :
|b smíšený sbor a capella na slova F. Tjutčeva /
|c úvod ke studiu skladby podle příručky A. Jegorova Teoria i praktika raboty s chorom zprac. D. Ledečová
|
| 260 |
|
|
|a Praha :
|b Ústř. dům lid. tvořivosti,
|c 1957
|
| 300 |
|
|
|a 6 s. :
|b 15 s. příl. ;
|c 4°
|
| 490 |
1 |
|
|a Metodické listy pro pěvecké soubory. Ř. 2 ;
|v č. 4
|
| 500 |
|
|
|a Noty
|
| 700 |
1 |
|
|a Jegorov, Aleksandr Aleksandrovič,
|d 1887-1959
|7 mzk2011660335
|4 ant
|
| 700 |
1 |
|
|a Tanejev, Sergej Ivanovič,
|d 1856-1915
|7 jn19981002188
|4 cmp
|
| 830 |
|
0 |
|a Metodické listy pro pěvecké soubory.
|n Ř. 2
|
| 910 |
|
|
|a BOA001
|b X2-0387.920
|
| 990 |
|
|
|a BK
|
| 991 |
|
|
|b 202003
|
| 996 |
6 |
|
|b 2618861951
|c X2-0387.920
|l MZK
|r Sklad / do 24 hodin
|n 0
|w 001789180
|u 000020
|a 1
|e BOA001
|j MZK50
|s P
|
| 996 |
7 |
|
|b 2618861952
|c X2-0387.920
|l MZK
|r Sklad / do 24 hodin
|n 0
|w 001789180
|u 000010
|a 1
|e BOA001
|j MZK50
|s A
|